000 00273 a2200121 4500
005 20250625133451.0
020 _a978-0-19-838696-4
082 _a302 OCR
245 _aOCR
260 _aNew York
_bOxford University Press
_c1992
300 _avii,159p.
_c24cm
942 _2ddc
_cBKS
999 _c5085
_d5085